000
00218 a2200097 4500
001
47813
100
_a
Professor Hameed Ghulami
245
_a
The robot era
260
_a
London
_b
George Allen
_c
090
_c
30815
_d
30815
942
_a
NUST-CAE
_c
M
_c
23131
999
_c
282886
_d
282886